=LDR 00000nam 2200000 4500 =001 INLIS000000000034581 =005 20130612140500 =008 ***********************************ind** =035 ##$$0010-061300000034581 =041 ##$$a ind =082 ##$$a 372.3 =090 ##$$a 372.3, Tak,m =100 ##$$a Takari, E =245 ##$$a MengenalAlat Peredaran Darah, =260 ##$$a 2007 $b Bandung =300 ##$$a iv,28 hlm, Illus, 29 cm =650 ##$$a Sains - Pendidikan Dasar =850 ##$$a NBPNMAT